Quiz Physique-Chimie (simple) - Statistiques

Statistiques générales
  • Ce quiz a été pris 116 fois
  • Le résultat moyen est 7 sur 20
Statistiques - réponses
Questions Réponses % Correct
Dans un circuit électrique, la tension notée U s'exprime en... Volt (V)
99%
L'atome de Soufre (S) possède 32 nucléons dans son noyau et 16 électrons. Combien a-t-il de neutrons ? 16
59%
Une solution admet un pH de 8, on dit que cette solution est... Basique
57%
Quelle loi relie tension, intensité et résistance ? Loi d'Ohm
56%
Un solution contient 8 mol de soluté dans 2 L. Quel est sa concentration molaire 4 mol/L
48%
Un ion qui possède plus d'électrons que de protons est appelé... Anion
48%
En physique des ondes, comment appelle-t-on l'unité SI de fréquence ? Hertz
46%
Comment appelle-t-on la transformation de l'état gazeux à l'état liquide ? Liquéfaction
46%
Comment appelle-t-on la température minimale théorique ? Zéro absolu
42%
Une solution a une concentration massique de 12 g/L et un volume de 0,5 L. Quelle est la masse du soluté ? 6 g
38%
Le dipôle "pile" est un générateur, quant à la lampe, c'est un... Récepteur
36%
Comment appelle-t-on le phénomène de déviation de la lumière lorsqu'elle change de milieu ? Réfraction
36%
Un basketteur lance un ballon vers le panier. Quel est le système étudié. Ballon
31%
Quel est le référentiel utilisé pour étudier le mouvement de la planète Mars autours du Soleil ? Héliocentrique
31%
L'atome de fluor (F) (Z = 9), doit pour devenir l'ion fluorure (F-) acquérir la même configuration électronique que le gaz noble... Néon (Ne)
25%
Quelle verrerie utilise-t-on en laboratoire pour mesurer précisément le volume d'une solution, et éventuellement pour une dilution. Fiole jaugée
15%
En physique quantique, quel boson est associé à l'interaction électromagnétique ? Photon
5%
Un cycliste roule à 20 km/h et parcourt 500 hm. Comblen de temps met-il ? 2 h 30 min
4%
Si on met du sable sans un récipient d'eau, la substance est... Insoluble
4%
À quelle famille chimique appartient le carbone (C) ? Tétrèle
1%
Aucun quiz correspondant
Distribution des résultats
% des personnes avec chaque résultat
Percentile par nombre de réponses
Votre historique - résultats
Vous n’avez pas pris ce quiz